| 000 | 00589nam a2200181Ia 4500 | ||
|---|---|---|---|
| 008 | 090123s9999 xx 000 0 und d | ||
| 082 |
_b39300 _a891.463/ओक |
||
| 100 | _aओक चंद्रशेखर | ||
| 245 | _aभारत नावाचा देश | ||
| 250 | _a1 | ||
| 260 |
_bशब्द प्रकाशन _c2005 |
||
| 300 | _a192 | ||
| 600 | _aओक चंद्रशेखर | ||
| 630 | _aभारत नावाचा देश | ||
| 700 | _aओक चंद्रशेखर | ||
| 730 | _aभारत नावाचा देश | ||
| 942 | _cBOOK | ||
| 999 |
_c77362 _d77362 |
||